Án treo, lý luận và thực tiễn áp dụng trên địa bàn huyện Tân Hưng, tỉnh Long An Khóa luận tốt nghiệp. Chuyên ngành Luật

Gorde:
Xehetasun bibliografikoak
Egile nagusia: Huỳnh, Thị Xuân Hương
Beste egile batzuk: Huỳnh Thị Xuân Hương; Nguyễn Thị Tuyết Nga
Hizkuntza:Undetermined
Argitaratua: Trà Vinh Đại học Trà Vinh 2017
Etiketak: Etiketa erantsi
Etiketarik gabe, Izan zaitez lehena erregistro honi etiketa jartzen!
Thư viện lưu trữ: Trung tâm Học liệu Trường Đại học Trà Vinh
LEADER 00857nam a2200241Ia 4500
001 TVU_28107
008 210423s9999 xx 000 0 und d
041 |a Vie 
082 |a 345.597 
082 |b H561 
100 |a Huỳnh, Thị Xuân Hương 
245 0 |a Án treo, lý luận và thực tiễn áp dụng trên địa bàn huyện Tân Hưng, tỉnh Long An 
245 0 |b Khóa luận tốt nghiệp. Chuyên ngành Luật 
245 0 |c Huỳnh Thị Xuân Hương ; Nguyễn Thị Tuyết Nga (giáo viên hướng dẫn) 
260 |a Trà Vinh 
260 |b Đại học Trà Vinh 
260 |c 2017 
300 |a 75 tr. 
300 |c 27 cm 
504 |a Thư mục: tr.viii-x 
700 |a Huỳnh Thị Xuân Hương; Nguyễn Thị Tuyết Nga  
700 |e giáo viên hướng dẫn 
980 |a Trung tâm Học liệu Trường Đại học Trà Vinh